000 00650nam a22002177a 4500
005 20150508123919.0
008 140714b xxu||||| |||| 00| 0 Urdu d
010 _aUR-8866
020 _c250.00
035 _aU-7421
037 _bBPPD/Pub/Ven
040 _aDPL
_bUrdu
082 _a 841
100 _aا نو ر سليم
245 _aفشا ر ر يگ
_cا نو ر سليم
246 _afeshar-e- Reg
_bBy Anver Saleem
260 _bAl-Ansar Publications
_c2012
_aHyderabad
270 _a# 18-8-223/12/A,Riyasat Nagar,
_bHyderabad
_k09391301192
_e059
300 _a176ص
_c22Cm (Hb)
942 _2ddc
_cUR
_e
_h 841
_mا ن و
999 _c93427
_d93427